000 00711nam a22001815i 4500
001 157715
003 ES-MaACL
005 20230906210825.0
008 040812s1894 mx |||| | fre d
040 _aCAM
_bspa
_cCAM
100 1 _aLiceaga, Eduardo.
_972174
245 1 0 _aOrganisation du service sanitaire international dans la république mexicane
_b: mémoire envoyé au Congrès Médical International de Rome /
_cpar Eduardo Licéaga.
260 _aMexico :
_b[s.a.],
_c1894 (
_fImprimerie du Ministère des Travaux Publics)
300 _a54 p. ;
_c23 cm.
650 4 _aSalud pública-
_zMéjico.
_9222844
852 _aES-MaACL
_jFol-Laf-304
_z-- Rust.
_z-- Legado M. de la Fuente
999 _c157715
_d157715